Aplikácia enzýmov produkovaných v inklúznych telieskach

Na minha lista:
Detalhes bibliográficos
Autor principal: Mrmus, Patrik (Author)
Outros Autores: Krasňan, Vladimír (Thesis advisor)
Formato: Manuscrito Livro
Idioma:eslovaco
Publicado em: 2018
Assuntos:
Acesso em linha:http://is.stuba.sk/zp/portal_zp.pl?podrobnosti=125750
Tags: Adicionar Tag
Sem tags, seja o primeiro a adicionar uma tag!

MARC

LEADER 00000ntm a22000003a 4500
001 stuzp69536
003 SK-STU
005 20180623210811.6
007 ta
008 150427s2015----xo-----f-mn---000-0-slo-d
040 |a STU  |b slo 
041 0 |a slo 
100 1 |a Mrmus, Patrik  |u 044000  |4 aut  |U FCHPT Fakulta chemickej a potravinárskej technológie  |T FCHPT Ústav biotechnológie  |X 81556  |U C4000  |Y 102  |7 81556 
242 0 1 |a Application of Enzymes Produced in Inclusion Bodies  |y eng 
245 1 0 |a Aplikácia enzýmov produkovaných v inklúznych telieskach 
260 |c 2018 
650 4 |a refolding  |2 slo 
650 4 |a Alkohol Dehydrogenáza I  |2 slo 
650 4 |a dialýza  |2 slo 
650 4 |a Escherichia Coli  |2 slo 
650 4 |a refolding  |2 eng 
650 4 |a dialyse  |2 eng 
650 4 |a Alcohol dehydrogenase I  |2 eng 
650 4 |a Escherichia Coli  |2 eng 
700 1 |a Krasňan, Vladimír  |u 044000  |k Z1  |4 ths  |U FCHPT Fakulta chemickej a potravinárskej technológie  |T FCHPT Ústav biotechnológie  |X 58263  |U C4000  |Y 102  |7 A00000058263 
856 4 |u http://is.stuba.sk/zp/portal_zp.pl?podrobnosti=125750